000 00773nam a2200253 a 4500
001 000044233
003 DO-SdBNP
005 20240530073923.0
008 140610s2009 dr 000 f spa d
020 _a9789945002393
040 _aDO-SdBNP
_bspa
_cBNPHU
082 4 _aRD863.44
_bM313n
_222
100 1 _aMarcallé Abreu, Roberto
_9862
245 1 0 _aNo verán mis ojos esta horrible ciudad /
_cRoberto Marcallé Abreu.
260 _aSanto Domingo :
_bMC Editorial,
_c2009.
300 _av. ;
_c22 cm.
500 _aLa biblioteca posee el v. 2
505 0 _av. 2 --
_tNovela 2009
590 _aInventariado, 2020/MAA
650 0 _aNovela dominicana
_9223
650 0 _aLiteratura dominicana.
_967
910 _aValidado. Control de calidad MFF
942 _2ddc
_cLBS1
999 _c43722
_d43722